[Event "Stuttgarter Stadtmeisterschaft A"]
[Site "Ditzingen"]
[Date "2015.05.17"]
[Round "7.11"]
[White "Latzke, Boris Alexander"]
[Black "Kessler, Andreas"]
[Result "1/2-1/2"]
[WhiteElo "2265"]
[BlackElo "2141"]
[PlyCount "92"]
[EventDate "2015.??.??"]
[WhiteTeam "SK Bebenhausen"]

1. d4 Nf6 2. c4 e6 3. Nf3 Bb4+ 4. Nbd2 O-O 5. a3 Be7 6. e4 d6 7. Bd3 Nc6 8. O-O
e5 9. d5 Nb8 10. b4 a5 11. Bb2 g6 12. c5 Nh5 13. g3 Bh3 14. Re1 Na6 15. Qb3 f6
16. Nc4 a4 17. Qa2 Kg7 18. cxd6 cxd6 19. Bf1 Bxf1 20. Rxf1 b6 21. Bc1 Qb8 22.
Be3 Bd8 23. Qd2 Rf7 24. Rac1 Kg8 25. Qe2 Ng7 26. Rc2 Ne8 27. Rfc1 Qb7 28. Nb2
b5 29. Nd1 Qd7 30. Nc3 Nac7 31. Ne1 Rb8 32. Nd3 f5 33. f3 h5 34. Rf1 g5 35. Kh1
f4 36. gxf4 gxf4 37. Bc1 Rg7 38. Rg1 Qh3 39. Rxg7+ Nxg7 40. Nf2 Qh4 41. Bd2 Qe7
42. Nd3 Nce8 43. Be1 Qd7 44. Bf2 Qh3 45. Ne1 Qd7 46. Nd3 Qh3 1/2-1/2

[Event "Stuttgarter Stadtmeisterschaft A"]
[Site "Ditzingen"]
[Date "2015.05.17"]
[Round "7.12"]
[White "Aring, Gerd"]
[Black "Zikeli, Saskia"]
[Result "1/2-1/2"]
[WhiteElo "2209"]
[BlackElo "2134"]
[PlyCount "113"]
[EventDate "2015.??.??"]
[WhiteTeam "SV NÃ¼rtingen"]
[BlackTeam "SC Ingersheim"]

1. Nf3 Nf6 2. g3 g6 3. b3 Bg7 4. Bb2 d5 5. c4 c6 6. Bg2 Qb6 7. Qc1 O-O 8. O-O
Bf5 9. d3 a5 10. Nc3 Re8 11. Nh4 Be6 12. e4 Qd8 13. Kh1 Na6 14. cxd5 cxd5 15.
e5 Ng4 16. d4 h5 17. h3 Nh6 18. Qd2 Nc7 19. Na4 Nf5 20. Nxf5 Bxf5 21. Rac1 Na6
22. Nc5 Bc8 23. Nxa6 Rxa6 24. Rc5 e6 25. Rfc1 Bd7 26. Bf1 Ra8 27. Bb5 Re7 28.
Bxd7 Rxd7 29. Qc2 Bf8 30. Rc8 Rxc8 31. Qxc8 Qxc8 32. Rxc8 Kg7 33. Kg2 Be7 34.
Bc1 f6 35. f4 b5 36. Bd2 b4 37. Kf3 f5 38. h4 Bd8 39. Ke2 Kf7 40. Kd3 Ke7 41.
Ra8 Rb7 42. Bc1 Kd7 43. Bb2 Ke8 44. Ra6 Kd7 45. Rd6+ Ke7 46. Kc2 Rc7+ 47. Kd2
Rb7 48. Ra6 Kd7 49. Ra8 Ke8 50. Kc2 Rc7+ 51. Kb1 Rb7 52. Ra6 Kd7 53. Rd6+ Ke7
54. Ra6 Kd7 55. Kc2 Rc7+ 56. Kd2 Rb7 57. Kd3 1/2-1/2

[Event "Stuttgarter Stadtmeisterschaft A"]
[Site "Ditzingen"]
[Date "2015.05.17"]
[Round "7.13"]
[White "Schwab, Matthias"]
[Black "Bräuner, Uwe"]
[Result "1-0"]
[WhiteElo "2106"]
[BlackElo "2185"]
[PlyCount "85"]
[EventDate "2015.??.??"]
[WhiteTeam "SC Böblingen"]
[BlackTeam "SF Pfullingen"]

1. d4 Nf6 2. c4 e6 3. Nc3 Bb4 4. e3 b6 5. Bd3 Bb7 6. Nf3 Bxc3+ 7. bxc3 Ne4 8.
O-O O-O 9. Nd2 f5 10. f3 Nxd2 11. Bxd2 d6 12. Qe2 e5 13. e4 f4 14. g3 fxg3 15.
hxg3 Nc6 16. d5 Ne7 17. f4 exf4 18. gxf4 Ng6 19. Qh5 Qe8 20. Rae1 Ne7 21. Qh2
Qf7 22. e5 Nf5 23. e6 Qe7 24. Qh3 g6 25. Kh2 Rf6 26. Rg1 Raf8 27. Rg5 h6 28.
Rg2 Kh7 29. Reg1 c6 30. Rxg6 Rxg6 31. Bxf5 Rxf5 32. Rxg6 Kxg6 33. Qg4+ Kh7 34.
Qxf5+ Kg7 35. Be3 c5 36. Qg4+ Kh7 37. f5 Qf6 38. Qf4 Bc8 39. Bf2 Qg5 40. Qxg5
hxg5 41. f6 Kg6 42. f7 Kg7 43. Bg3 1-0

[Event "Stuttgarter Stadtmeisterschaft A"]
[Site "Ditzingen"]
[Date "2015.05.17"]
[Round "7.14"]
[White "Schmidt, Tobias"]
[Black "Doll, Michael"]
[Result "1/2-1/2"]
[WhiteElo "2122"]
[BlackElo "2182"]
[PlyCount "40"]
[EventDate "2015.??.??"]
[WhiteTeam "SC Erdmannhausen"]
[BlackTeam "SV Nürtingen"]

1. e4 e6 2. d4 d5 3. Nd2 h6 4. c3 c5 5. exd5 exd5 6. Ngf3 Nf6 7. Bb5+ Bd7 8.
Qe2+ Be7 9. dxc5 O-O 10. Nb3 Re8 11. Be3 a5 12. O-O a4 13. Nbd4 Bxc5 14. Bxd7
Nbxd7 15. Qd3 Qb6 16. Rab1 Re4 17. b4 axb3 18. Rxb3 Qa6 19. Qxa6 Rxa6 20. Ra1
b6 1/2-1/2

[Event "Stuttgarter Stadtmeisterschaft A"]
[Site "Ditzingen"]
[Date "2015.05.17"]
[Round "7.15"]
[White "Denisow, Jewgeny"]
[Black "Gerstenberger, Heinz"]
[Result "1-0"]
[WhiteElo "2170"]
[BlackElo "2129"]
[PlyCount "59"]
[EventDate "2015.??.??"]
[WhiteTeam "SG SchwÃ¤bisch GmÃ¼nd"]
[BlackTeam "Stuttgarter SF"]

1. e4 b6 2. d4 Bb7 3. Nd2 e6 4. Ngf3 g6 5. h4 h6 6. Bd3 Bg7 7. c3 Ne7 8. O-O d6
9. Nc4 Nd7 10. h5 g5 11. Nh2 e5 12. d5 f5 13. exf5 Bxd5 14. Ne3 Bb7 15. Bc4 Nf6
16. Nhg4 Nxg4 17. Nxg4 Nxf5 18. Be6 Rf8 19. Qc2 Nh4 20. Ne3 c6 21. b3 Qf6 22.
Bg4 Bc8 23. Qe4 Bd7 24. Ba3 Rf7 25. Bxd7+ Kxd7 26. Rad1 Bf8 27. Ng4 Qf4 28.
Nxe5+ Ke6 29. Qxc6 Rd8 30. Qd5+ 1-0

[Event "Stuttgarter Stadtmeisterschaft A"]
[Site "Ditzingen"]
[Date "2015.05.17"]
[Round "7.16"]
[White "Maj, Kornel"]
[Black "Flick, Antoine"]
[Result "1/2-1/2"]
[WhiteElo "2073"]
[BlackElo "2167"]
[PlyCount "52"]
[EventDate "2015.??.??"]
[WhiteTeam "Stuttgarter SF"]

1. e4 c5 2. Nf3 Nc6 3. d4 cxd4 4. Nxd4 e5 5. Nb5 d6 6. N1c3 a6 7. Na3 b5 8. Qd5
Nge7 9. Qd1 Ng8 10. Nd5 Nge7 11. c4 Nd4 12. cxb5 Nxd5 13. exd5 Be7 14. Bc4 O-O
15. O-O axb5 16. Nxb5 Ba6 17. Nxd4 Bxc4 18. Nc6 Qc7 19. a4 f5 20. b3 Ba6 21. b4
Bc4 22. Bb2 Bg5 23. Qf3 e4 24. Qg3 Bf6 25. Bxf6 Rxf6 26. Rfd1 Be2 1/2-1/2

[Event "Stuttgarter Stadtmeisterschaft A"]
[Site "Ditzingen"]
[Date "2015.05.17"]
[Round "7.17"]
[White "Bergner, Philipp"]
[Black "Schulte, Torsten"]
[Result "1/2-1/2"]
[WhiteElo "2149"]
[BlackElo "2117"]
[PlyCount "113"]
[EventDate "2015.??.??"]
[WhiteTeam "SK Bebenhausen"]
[BlackTeam "SC Eppingen"]

1. d4 g6 2. e4 c6 3. Nf3 d5 4. e5 Bg4 5. c3 e6 6. Nbd2 Ne7 7. h3 Bxf3 8. Nxf3
Nf5 9. g4 Nh4 10. g5 Nxf3+ 11. Qxf3 c5 12. Bb5+ Nc6 13. Qf6 Qxf6 14. gxf6 cxd4
15. cxd4 Bb4+ 16. Bd2 Bxd2+ 17. Kxd2 Rc8 18. Rac1 Kd7 19. h4 h6 20. Ke3 a6 21.
Bxc6+ Rxc6 22. Rxc6 Kxc6 23. h5 g5 24. Rc1+ Kd7 25. Rg1 Rg8 26. Kd3 Kc6 27. Rg4
Rf8 28. f4 gxf4 29. Rg6 Kb5 30. Rxh6 f3 31. Rg6 f2 32. Ke2 Kc4 33. Rg4 f1=Q+
34. Kxf1 Kd3 35. Kf2 b5 36. h6 Rh8 37. Rh4 Kc2 38. Ke3 Kxb2 39. Rh2+ Kc3 40. h7
b4 41. Rh1 a5 42. Rg1 Rxh7 43. Rg7 Rh3+ 44. Kf4 Kxd4 45. Rxf7 Rh1 46. Ra7 Rf1+
47. Kg5 Kxe5 48. f7 d4 49. Rxa5+ Ke4 50. Kg6 d3 51. Ra6 d2 52. Rxe6+ Kd3 53.
Rd6+ Kc2 54. Rc6+ Kb1 55. Rd6 Rg1+ 56. Kh7 Rf1 57. Kg6 1/2-1/2

[Event "Stuttgarter Stadtmeisterschaft A"]
[Site "Ditzingen"]
[Date "2015.05.17"]
[Round "7.18"]
[White "Sand, Rolf"]
[Black "Kabisch, Thilo"]
[Result "0-1"]
[WhiteElo "1969"]
[BlackElo "2298"]
[PlyCount "70"]
[EventDate "2015.??.??"]
[WhiteTeam "SV Tübingen"]
[BlackTeam "SK Schmiden/Cannstatt"]

1. c4 Nf6 2. g3 e5 3. Bg2 d6 4. Nc3 g6 5. e4 Bg7 6. Nge2 h5 7. h3 Nc6 8. d3 Be6
9. Nd5 Qd7 10. Be3 Nh7 11. b4 f5 12. b5 Nd8 13. Rb1 O-O 14. exf5 Bxf5 15. Qd2
c6 16. Ndc3 Ne6 17. h4 Nf6 18. O-O Ng4 19. Bg5 Rf7 20. bxc6 bxc6 21. f3 Nf6 22.
Be3 d5 23. cxd5 cxd5 24. Bf2 Kh7 25. Rb3 Bh6 26. Qd1 Rc8 27. d4 e4 28. fxe4
dxe4 29. Kh1 e3 30. Bg1 Qd6 31. Nf4 Bxf4 32. gxf4 Qxd4 33. Qxd4 Nxd4 34. Ra3
Nc2 35. Rb3 Be6 0-1

[Event "Stuttgarter Stadtmeisterschaft A"]
[Site "Ditzingen"]
[Date "2015.05.17"]
[Round "7.19"]
[White "Notz, Lukas"]
[Black "Montigel, Philipp"]
[Result "1/2-1/2"]
[WhiteElo "1849"]
[BlackElo "2117"]
[PlyCount "31"]
[EventDate "2015.??.??"]
[WhiteTeam "SV Dettingen Erms"]
[BlackTeam "SV Stuttgart-Wolfbusch"]

1. c4 b6 2. Nc3 e6 3. e4 Bb7 4. g3 c5 5. Bg2 d6 6. Nge2 Nc6 7. O-O Nf6 8. d3
Be7 9. h3 O-O 10. f4 a6 11. a4 Qc7 12. g4 Rfd8 13. Ng3 Nb4 14. g5 Nd7 15. b3 d5
16. cxd5 1/2-1/2

[Event "Stuttgarter Stadtmeisterschaft A"]
[Site "Ditzingen"]
[Date "2015.05.17"]
[Round "7.20"]
[White "Sieweck, Philipp"]
[Black "Weber, Klaus"]
[Result "1/2-1/2"]
[WhiteElo "1953"]
[BlackElo "2113"]
[PlyCount "92"]
[EventDate "2015.??.??"]
[WhiteTeam "SG Turm Kiel"]
[BlackTeam "SV TÃ¼bingen"]

1. e4 c5 2. Nf3 Nf6 3. e5 Nd5 4. d4 cxd4 5. Qxd4 e6 6. c4 Nc6 7. Qe4 f5 8. Qe2
Bb4+ 9. Bd2 Nf4 10. Qe3 Bxd2+ 11. Nbxd2 Ng6 12. c5 O-O 13. Be2 b6 14. O-O bxc5
15. Qxc5 Qb6 16. Rfc1 Bb7 17. a3 Rac8 18. Qxb6 axb6 19. Nc4 Ba6 20. Re1 Bxc4
21. Bxc4 Nd4 22. Nxd4 Rxc4 23. Rad1 Kf7 24. g3 Rc5 25. f4 Rd8 26. Re3 Ne7 27.
Red3 Rdc8 28. Kf2 Nd5 29. Nxf5 exf5 30. Rxd5 Rxd5 31. Rxd5 Rc2+ 32. Ke3 Ke7 33.
Rb5 Rc6 34. h3 g6 35. g4 h5 36. gxf5 gxf5 37. h4 Rg6 38. Kf3 Kd8 39. Rb4 Kc7
40. Rc4+ Kb7 41. Rd4 Kc7 42. Rc4+ Kb7 43. Rc2 Rg1 44. Rg2 Rf1+ 45. Rf2 Rh1 46.
Rg2 Rf1+ 1/2-1/2

[Event "Stuttgarter Stadtmeisterschaft A"]
[Site "Ditzingen"]
[Date "2015.05.17"]
[Round "7.21"]
[White "Zymberi, Agron"]
[Black "Baenziger, Fabian"]
[Result "1/2-1/2"]
[WhiteElo "2089"]
[BlackElo "1954"]
[PlyCount "93"]
[EventDate "2015.??.??"]
[WhiteTeam "SC Villingen"]

1. Nf3 Nf6 2. d4 g6 3. c4 Bg7 4. Nc3 O-O 5. e4 d6 6. Be2 e5 7. h3 exd4 8. Nxd4
Re8 9. Qd3 Nbd7 10. Nb3 a5 11. a4 Ne5 12. Qc2 Nc6 13. O-O Nb4 14. Qb1 h6 15.
Be3 Qe7 16. Nd2 c6 17. Ra3 Kh7 18. Rd1 Nd7 19. Nf1 Nc5 20. Ng3 Kg8 21. Qc1 h5
22. Bg5 Bf6 23. Bxf6 Qxf6 24. Qh6 Qg7 25. Qxg7+ Kxg7 26. Rxd6 h4 27. Nf1 Nxe4
28. Nxe4 Rxe4 29. Rd2 Re8 30. Ra1 Be6 31. Rad1 Na6 32. Nh2 Nc5 33. Nf3 Nxa4 34.
Nxh4 Nc5 35. Nf3 Kf6 36. Nd4 Red8 37. f3 Ke7 38. Kf2 Rd7 39. Ke3 Rad8 40. h4
Rh8 41. g3 f6 42. Bf1 Rh7 43. b3 Rh8 44. Kf4 Kf7 45. Ke3 Ke7 46. Kf2 Kf7 47.
Ke3 1/2-1/2

[Event "Stuttgarter Stadtmeisterschaft A"]
[Site "Ditzingen"]
[Date "2015.05.17"]
[Round "7.22"]
[White "Faulhaber, Rolf"]
[Black "Gibicar, Marc"]
[Result "1-0"]
[WhiteElo "2039"]
[BlackElo "1938"]
[PlyCount "113"]
[EventDate "2015.??.??"]
[WhiteTeam "SK Tauberbischofsheim"]
[BlackTeam "Spvgg Böblingen"]

1. Nf3 c5 2. c4 Nc6 3. d4 cxd4 4. Nxd4 g6 5. Nc3 Bg7 6. Nb3 Nf6 7. e4 d6 8. Be2
O-O 9. O-O Be6 10. Be3 Na5 11. Nxa5 Qxa5 12. Bd4 Rac8 13. b3 a6 14. Qd3 Bd7 15.
Rfe1 e5 16. Be3 Bc6 17. f3 Nh5 18. Qd2 Qc7 19. Rac1 Qe7 20. Red1 Rcd8 21. b4 f5
22. Bg5 Bf6 23. Bxf6 Qxf6 24. b5 Be8 25. bxa6 bxa6 26. c5 Nf4 27. Bxa6 d5 28.
Bc4 Ba4 29. Nxd5 Nxd5 30. Bxd5+ Kg7 31. Re1 f4 32. Rb1 Rb8 33. Qa5 Rxb1 34.
Rxb1 Bc2 35. Rb7+ Kh6 36. Qc7 Rh8 37. Qe7 Qxe7 38. Rxe7 Rb8 39. Rb7 Rc8 40. c6
Ba4 41. c7 Bd7 42. Kf2 Kg5 43. Ke2 Kf6 44. Kd3 Ke7 45. Kc4 Kd6 46. Ra7 Rxc7+
47. Rxc7 Kxc7 48. Kc5 h6 49. Bf7 Bc6 50. Bxg6 Bb7 51. Bf5 Bc6 52. Be6 Bb7 53.
a4 Bc6 54. a5 Bb7 55. g3 fxg3 56. hxg3 Ba6 57. Kd5 1-0

[Event "Stuttgarter Stadtmeisterschaft A"]
[Site "Ditzingen"]
[Date "2015.05.17"]
[Round "7.23"]
[White "Braun, Rüdiger-Thomas"]
[Black "Quernheim, Daniel"]
[Result "0-1"]
[WhiteElo "1940"]
[BlackElo "2029"]
[PlyCount "46"]
[EventDate "2015.??.??"]
[WhiteTeam "SF Birkenfeld"]
[BlackTeam "SC Botnang"]

1. e4 Nf6 2. Nc3 d5 3. exd5 Nxd5 4. Bc4 c6 5. Qf3 e6 6. Nge2 Nd7 7. O-O Ne5 8.
Qe4 Bd6 9. Bxd5 exd5 10. Qe3 O-O 11. h3 Re8 12. d4 Ng6 13. Qf3 Re6 14. Qh5 h6
15. Bd2 Rf6 16. f4 Rf5 17. Qf3 Nh4 18. Qe3 Rf6 19. g4 h5 20. Qf2 Rg6 21. Be1
Nf5 22. Qg2 Ne3 23. Qf3 Nxf1 0-1

[Event "Stuttgarter Stadtmeisterschaft A"]
[Site "Ditzingen"]
[Date "2015.05.17"]
[Round "7.24"]
[White "Stoll, Katja"]
[Black "Schuster, Gerhard"]
[Result "0-1"]
[WhiteElo "1818"]
[BlackElo "1997"]
[PlyCount "71"]
[EventDate "2015.??.??"]
[WhiteTeam "SC Weiße Dame Ulm"]
[BlackTeam "SC Feuerbach"]

1. e4 c6 2. d4 d5 3. exd5 cxd5 4. Bd3 Nc6 5. c3 Nf6 6. Bf4 Bg4 7. Qb3 Qd7 8.
Nd2 e6 9. Ngf3 Bxf3 10. Nxf3 Bd6 11. Bxd6 Qxd6 12. O-O O-O 13. Rfe1 Qc7 14. Re2
Rab8 15. a4 Rfc8 16. Qa2 Qf4 17. Rb1 a6 18. a5 Qc7 19. Ra1 Nd7 20. h3 Nf8 21.
Ree1 Ng6 22. Nd2 Qf4 23. Nb3 Nh4 24. Bf1 Qg5 25. Re3 Nf5 26. Ree1 e5 27. dxe5
Nh4 28. Re3 Nxe5 29. Nd4 Nc4 30. Rg3 Qf6 31. Rd1 Rc7 32. Bd3 Re8 33. Nf3 Nf5
34. Bxf5 Qxf5 35. Nd4 Qf6 36. Rf3 {Rest unklar (44.)} 0-1

[Event "Stuttgarter Stadtmeisterschaft A"]
[Site "Ditzingen"]
[Date "2015.05.17"]
[Round "7.25"]
[White "Müller, Anja"]
[Black "Schnepel, Thomas"]
[Result "1-0"]
[WhiteElo "1975"]
[BlackElo "1930"]
[PlyCount "89"]
[EventDate "2015.??.??"]
[WhiteTeam "SC Ingersheim"]
[BlackTeam "SC Pforzheim"]

1. d4 Nf6 2. c4 c5 3. d5 e6 4. Nc3 exd5 5. cxd5 d6 6. e4 g6 7. Bb5+ Nfd7 8. a4
Bg7 9. Be3 O-O 10. Qd2 Re8 11. Nge2 a6 12. Bd3 Ne5 13. O-O Nbd7 14. Bg5 f6 15.
Bf4 Nxd3 16. Qxd3 Ne5 17. Bxe5 Rxe5 18. f4 Re7 19. f5 Qe8 20. Ng3 Bd7 21. Rf3
Rb8 22. a5 Re5 23. Qf1 g5 24. h3 Rc8 25. Qd1 c4 26. Nf1 Rc5 27. Ne3 h5 28. g4
h4 29. Qd4 Bb5 30. Rff1 Bf8 31. Kg2 Be7 32. Kf3 Bd8 33. Rfc1 b6 34. axb6 Bxb6
35. Qd2 Rc7 36. Nc2 Rce7 37. Re1 Qd8 38. Nd4 Ba5 39. Ne6 Qb6 40. Qe3 Qxe3+ 41.
Kxe3 Bb4 42. Re2 Bxc3 43. bxc3 Kf7 44. Rb2 Ke8 45. Rxb5 1-0

[Event "Stuttgarter Stadtmeisterschaft A"]
[Site "Ditzingen"]
[Date "2015.05.17"]
[Round "7.27"]
[White "Pelezki, Eugen"]
[Black "Keller, Harald"]
[Result "1/2-1/2"]
[WhiteElo "2010"]
[BlackElo "2049"]
[PlyCount "43"]
[EventDate "2015.??.??"]
[WhiteTeam "SV Wendlingen"]
[BlackTeam "SV Rottweil"]

1. c4 Nf6 2. Nc3 c5 3. g3 g6 4. Bg2 Bg7 5. Rb1 Nc6 6. Nf3 O-O 7. O-O d6 8. a3
Bf5 9. d3 Qd7 10. Ng5 h6 11. Nge4 Nxe4 12. dxe4 Bh3 13. Nd5 Bxg2 14. Kxg2 f5
15. Nf4 Kh7 16. Qd5 Nd4 17. exf5 gxf5 18. Kh1 e6 19. Qg2 e5 20. e3 exf4 21.
exd4 fxg3 22. dxc5 1/2-1/2

[Event "Stuttgarter Stadtmeisterschaft A"]
[Site "Ditzingen"]
[Date "2015.05.17"]
[Round "7.28"]
[White "Imhof, Thomas"]
[Black "Häußler, Daniel"]
[Result "1-0"]
[WhiteElo "1938"]
[BlackElo "2000"]
[PlyCount "97"]
[EventDate "2015.??.??"]
[WhiteTeam "SGem Vaihingen-Rohr"]
[BlackTeam "SC Ostfildern"]

1. g3 d5 2. Bg2 c5 3. Nf3 Nf6 4. O-O g6 5. c4 d4 6. d3 Bg7 7. a3 a5 8. e3 Nc6
9. exd4 cxd4 10. Nbd2 O-O 11. Rb1 a4 12. b4 axb3 13. Qxb3 Qa5 14. Re1 Ra7 15.
Qb5 Nd7 16. Nb3 Qc7 17. Re4 e5 18. Rh4 Re8 19. Ng5 Nf6 20. Bb2 h6 21. Ne4 Nxe4
22. Rxe4 Bf5 23. Ree1 Bxd3 24. Bxd4 Raa8 25. Bb6 Bxc4 26. Qxc4 Qxb6 27. Nc5 Na5
28. Qd5 Qd8 29. Nxb7 Qxd5 30. Bxd5 Re7 31. Nc5 Rc8 32. Ne4 Rcc7 33. Rb5 Nc6 34.
Rc5 Nd4 35. Rxc7 Rxc7 36. Re3 Kf8 37. a4 f5 38. Nd2 f4 39. gxf4 exf4 40. Re4 g5
41. Nb3 Nf3+ 42. Kg2 Nh4+ 43. Kf1 Rd7 44. Be6 Rd3 45. Nc5 Ra3 46. Bd5 Ra1+ 47.
Ke2 f3+ 48. Kd2 Ra3 49. Nd7# 1-0

[Event "Stuttgarter Stadtmeisterschaft A"]
[Site "Ditzingen"]
[Date "2015.05.17"]
[Round "7.29"]
[White "Jurasin, Marin"]
[Black "Unger, Franz"]
[Result "1-0"]
[WhiteElo "2021"]
[BlackElo "1985"]
[PlyCount "59"]
[EventDate "2015.??.??"]
[WhiteTeam "SG Schönbuch"]
[BlackTeam "SK Sachsenheim"]

1. Nf3 Nf6 2. c4 c5 3. Nc3 d5 4. cxd5 Nxd5 5. g3 Nc6 6. Bg2 Nc7 7. b3 e5 8. Bb2
Be7 9. Rc1 f6 10. O-O Bd7 11. e3 O-O 12. d4 cxd4 13. exd4 Bg4 14. d5 Nd4 15.
Qd3 Nxf3+ 16. Bxf3 Bxf3 17. Qxf3 Bd6 18. Rfd1 f5 19. a3 Qd7 20. Qe2 Rf6 21. Na4
Qe7 22. b4 b6 23. f4 Re8 24. Bxe5 Qd7 25. Qc2 Rxe5 26. fxe5 Bxe5 27. Nc3 Rg6
28. Ne2 Qd6 29. Qxf5 b5 30. Rc6 1-0

[Event "Stuttgarter Stadtmeisterschaft A"]
[Site "Ditzingen"]
[Date "2015.05.17"]
[Round "7.30"]
[White "Stolz, Stephan"]
[Black "Issaad, Pascal"]
[Result "0-1"]
[WhiteElo "2086"]
[BlackElo "1845"]
[PlyCount "66"]
[EventDate "2015.??.??"]
[WhiteTeam "Stuttgarter SF"]
[BlackTeam "SV Stuttgart-Wolfbusch"]

1. b3 b5 2. Bb2 Bb7 3. e3 a6 4. Nf3 Nf6 5. c4 bxc4 6. bxc4 e6 7. Nc3 c5 8. Be2
Be7 9. O-O O-O 10. d4 cxd4 11. exd4 d6 12. Bd3 Nbd7 13. Re1 Qc7 14. Rc1 Rab8
15. Ba1 Rfc8 16. Qe2 h6 17. Nd2 Bf8 18. Nce4 Nxe4 19. Nxe4 d5 20. Nc5 Nxc5 21.
dxc5 Qxc5 22. Qg4 dxc4 23. Be5 Ra8 24. Rxc4 Qd5 25. Rd4 Qa5 26. Kf1 Rd8 27. Bc4
Bd5 28. Qg3 Bxc4+ 29. Rxc4 Qb5 30. Rec1 Rac8 31. Qf4 Rd1+ 32. Rxd1 Rxc4 33. a4
Rxa4+ 0-1

[Event "Stuttgarter Stadtmeisterschaft A"]
[Site "Ditzingen"]
[Date "2015.05.17"]
[Round "7.31"]
[White "Schömbs, Oliver"]
[Black "Kübler, Marcus"]
[Result "0-1"]
[WhiteElo "1920"]
[BlackElo "2074"]
[PlyCount "78"]
[EventDate "2015.??.??"]
[WhiteTeam "SC Ingersheim"]
[BlackTeam "TSV Schönaich"]

1. e4 g6 2. c4 Bg7 3. d4 c5 4. Be3 Nc6 5. Ne2 Qb6 6. Nbc3 cxd4 7. Nd5 Qa5+ 8.
Bd2 Qd8 9. Rb1 e6 10. Ndf4 a5 11. Nc1 Nf6 12. Bd3 O-O 13. O-O d5 14. exd5 exd5
15. c5 Ne4 16. Be1 Nxc5 17. Bb5 Bf5 18. Nfd3 Ne4 19. Ne2 Nd6 20. Ba4 b5 21. Rc1
Bxd3 22. Rxc6 Bxe2 23. Qxe2 bxa4 24. Bd2 Qd7 25. Rc5 Ne4 26. Rxa5 Nxd2 27. Qxd2
Rxa5 28. Qxa5 Rc8 29. Qd2 Qb5 30. g3 d3 31. Re1 Bxb2 32. Qf4 Re8 33. Rd1 a3 34.
Qd2 Qc4 35. Kf1 Qe4 36. Kg1 Qe2 37. Qxd3 Qxd3 38. Rxd3 d4 39. Kf1 Rc8 0-1

[Event "Stuttgarter Stadtmeisterschaft A"]
[Site "Ditzingen"]
[Date "2015.05.17"]
[Round "7.32"]
[White "Wohlfahrt, Michael"]
[Black "Hirtreiter, Pierre"]
[Result "1/2-1/2"]
[WhiteElo "1852"]
[BlackElo "2027"]
[PlyCount "148"]
[EventDate "2015.??.??"]
[WhiteTeam "TSF Welzheim"]
[BlackTeam "SK München Südost"]

1. e4 c5 2. Nf3 d6 3. Bb5+ Bd7 4. Bxd7+ Qxd7 5. O-O Nc6 6. c3 Rc8 7. d4 cxd4 8.
Nxd4 Nf6 9. Re1 g6 10. Bg5 Bg7 11. Na3 O-O 12. Nac2 Ne5 13. Bxf6 Bxf6 14. f4
Nc6 15. Rb1 Rfd8 16. Nf3 Qg4 17. g3 Qe6 18. Ra1 Qc4 19. Qe2 Qc5+ 20. Kg2 e6 21.
h4 b5 22. Red1 b4 23. Nxb4 Nxb4 24. cxb4 Qxb4 25. e5 dxe5 26. fxe5 Be7 27. a3
Qb3 28. Rac1 Rb8 29. Rxd8+ Bxd8 30. Rd1 Kg7 31. Rd2 Ba5 32. Rd7 Qxb2 33. Qxb2
Rxb2+ 34. Kh3 Bb6 35. Ng5 Rf2 36. Nxe6+ Kg8 37. Nf4 Rf3 38. Rd3 Rxd3 39. Nxd3
Kf8 40. Kg4 h5+ 41. Kf4 Ke7 42. Ke4 Bg1 43. Nf4 Bf2 44. Kf3 Be1 45. e6 Kf6 46.
exf7 Kxf7 47. a4 Kf6 48. Nd5+ Ke5 49. Nf4 Kf5 50. Nd5 Bd2 51. Ne7+ Kf6 52. Nc6
a5 53. Nd4 Ke5 54. Nb3 Bb4 55. g4 Bc3 56. gxh5 gxh5 57. Ke3 Kf5 58. Kf3 Be1 59.
Ke2 Bxh4 60. Nxa5 Kg4 61. Kf1 Kf3 62. Kg1 Bf2+ 63. Kh2 Kg4 64. Nc6 h4 65. a5 h3
66. a6 Bg3+ 67. Kg1 Bd6 68. Kh1 Bc5 69. Ne5+ Kg3 70. Nd3 Bd4 71. Nb4 h2 72. Nc6
Bb6 73. a7 Bxa7 74. Nxa7 Kh3 1/2-1/2

[Event "Stuttgarter Stadtmeisterschaft A"]
[Site "Ditzingen"]
[Date "2015.05.17"]
[Round "7.34"]
[White "Zeller, Elisa"]
[Black "Ruff, Robert"]
[Result "1/2-1/2"]
[WhiteElo "1956"]
[BlackElo "1821"]
[PlyCount "38"]
[EventDate "2015.??.??"]
[WhiteTeam "SF Göppingen"]
[BlackTeam "SK Sachsenheim"]

1. e4 e6 2. d4 d5 3. Nd2 Nf6 4. e5 Nfd7 5. f4 c5 6. c3 Nc6 7. Ndf3 Qa5 8. a3
Qb6 9. b4 cxd4 10. cxd4 Be7 11. Nh3 O-O 12. Bd3 f5 13. exf6 Nxf6 14. Nf2 Bd7
15. O-O Kh8 16. Be3 Rac8 17. Qd2 Nd8 18. Rfc1 Nf7 19. Ng5 Nd6 1/2-1/2

[Event "Stuttgarter Stadtmeisterschaft A"]
[Site "Ditzingen"]
[Date "2015.05.17"]
[Round "7.35"]
[White "Enneking, Hermann"]
[Black "Schönhof, Timo"]
[Result "0-1"]
[WhiteElo "1881"]
[BlackElo "1947"]
[PlyCount "60"]
[EventDate "2015.??.??"]
[WhiteTeam "TSV SchÃ¶naich"]
[BlackTeam "C4 Chess Club"]

1. d4 Nf6 2. c4 e6 3. Nc3 Bb4 4. Qc2 c5 5. dxc5 Qa5 6. Bd2 Na6 7. Nf3 Nxc5 8.
e3 Bxc3 9. Bxc3 Qd8 10. Be2 b6 11. O-O Bb7 12. Rfd1 Be4 13. Qc1 O-O 14. b4 Nb7
15. Bxf6 gxf6 16. Rd4 Bg6 17. Nh4 Qe7 18. Bf3 Rab8 19. Nxg6 hxg6 20. Qd2 Rfd8
21. Rd1 d6 22. Qe2 f5 23. e4 fxe4 24. Bxe4 f5 25. Bd5 Kf7 26. Re1 Re8 27. Qf3
Qf6 28. Rf4 exd5 29. Qxd5+ Kg7 30. Rxe8 Qa1+ 0-1

[Event "Stuttgarter Stadtmeisterschaft A"]
[Site "Ditzingen"]
[Date "2015.05.17"]
[Round "7.37"]
[White "Schmidt, Markus"]
[Black "Hoeschele, Hans-Ulrich"]
[Result "0-1"]
[WhiteElo "1871"]
[BlackElo "2032"]
[PlyCount "70"]
[EventDate "2015.??.??"]
[WhiteTeam "Stuttgarter SF"]
[BlackTeam "Stuttgarter SF"]

1. e4 c5 2. b3 Nc6 3. Nf3 d6 4. Bb5 a6 5. Bxc6+ bxc6 6. Bb2 e5 7. c4 Be7 8. Nc3
Nh6 9. d3 f5 10. g3 O-O 11. Nd2 f4 12. f3 fxg3 13. hxg3 Bg5 14. Rf1 Ra7 15. Qe2
Bxd2+ 16. Qxd2 Raf7 17. Qg2 Bg4 18. f4 exf4 19. gxf4 Qh4+ 20. Kd2 Bh3 21. Qh1
Rxf4 22. Rfe1 Rf2+ 23. Re2 Qg5+ 24. Kc2 Qe3 25. Rae1 R8f3 26. Kb1 Qxd3+ 27. Kc1
Rxe2 28. Nxe2 Qe3+ 29. Kb1 Qxe4+ 30. Ka1 Re3 31. Qh2 Nf5 32. Rc1 Rxe2 33. Qxh3
h6 34. a3 Nd4 35. Qd7 Nxb3+ 0-1

[Event "Stuttgarter Stadtmeisterschaft A"]
[Site "Ditzingen"]
[Date "2015.05.17"]
[Round "7.38"]
[White "Viehoff, Jürgen"]
[Black "Kuhlmann, Hans-Peter"]
[Result "1/2-1/2"]
[WhiteElo "1857"]
[BlackElo "1910"]
[PlyCount "29"]
[EventDate "2015.??.??"]
[WhiteTeam "SC Stetten a.d.F."]
[BlackTeam "Spvgg Renningen"]

1. d4 Nf6 2. Nf3 d5 3. e3 e6 4. Bd3 Be7 5. Nbd2 Nbd7 6. O-O O-O 7. Qe2 c5 8. c3
b6 9. e4 dxe4 10. Nxe4 cxd4 11. Nxd4 Bb7 12. Rd1 Qc7 13. Bg5 Nxe4 14. Bxe7 Rfe8
15. Bxe4 1/2-1/2

[Event "Stuttgarter Stadtmeisterschaft A"]
[Site "Ditzingen"]
[Date "2015.05.17"]
[Round "7.39"]
[White "Langjahr, Marius"]
[Black "Engelhardt, Frank"]
[Result "1-0"]
[WhiteElo "1812"]
[BlackElo "1819"]
[PlyCount "123"]
[EventDate "2015.??.??"]
[WhiteTeam "SK Sachsenheim"]
[BlackTeam "SC Botnang"]

1. d4 d5 2. c4 c6 3. Nc3 Nf6 4. Nf3 Bf5 5. cxd5 cxd5 6. Qb3 b6 7. e3 e6 8. Bb5+
Nbd7 9. Ne5 a6 10. Nxd7 Nxd7 11. Bxd7+ Kxd7 12. Nxd5 Rb8 13. Nc3 Bd3 14. Qd1
Bc4 15. b3 Bb4 16. Bd2 Bd3 17. Ne2 Ba3 18. b4 Bb2 19. Rb1 Bxd4 20. Rb3 Bc4 21.
Nxd4 Bxb3 22. Nxb3 Ke7 23. O-O Qd3 24. Qb1 Rbd8 25. Qxd3 Rxd3 26. Rc1 Rhd8 27.
Rc2 a5 28. bxa5 bxa5 29. g3 a4 30. Nd4 Kf6 31. Kf1 e5 32. Ke2 Rxd2+ 33. Rxd2
exd4 34. Rxd4 Ra8 35. a3 Ra7 36. Kd3 Ke5 37. f4+ Ke6 38. e4 h5 39. h3 g6 40. e5
h4 41. g4 Ra6 42. g5 Kf5 43. Rd6 Rxd6+ 44. exd6 Ke6 45. Kc4 Kxd6 46. Kb4 Ke6
47. Kxa4 Kf5 48. Kb4 Kxf4 49. a4 Kxg5 50. a5 Kf4 51. a6 Kg3 52. a7 Kxh3 53.
a8=Q g5 54. Qf3+ Kh2 55. Qf2+ Kh3 56. Qg1 g4 57. Qh1+ Kg3 58. Kc4 f5 59. Kd4 f4
60. Ke4 f3 61. Qg1+ Kh3 62. Kf4 1-0